Daňová kontrola v praxi
Daňové úrady, podľa zákona č.254/1993 Z.z. o územných finančných orgánoch, poverené výkonom daňovej kontroly. Povinnosti a práva daňového subjektu a správcu dane. Štádiá procesu daňovej kontroly: príprava, výkon, vypracovanie protokolu a prerokovanie výsledku. Najčastejšie nedostatky zistené pri kon...
Saved in:
| Main Author: | |
|---|---|
| Format: | Book Chapter |
| Language: | Slovak |
| Subjects: | |
| Tags: |
No Tags, Be the first to tag this record!
|
MARC
| LEADER | 00000naa a2200000 4500 | ||
|---|---|---|---|
| 001 | r016724 | ||
| 005 | 20221213101303.8 | ||
| 041 | 0 | |a slo | |
| 044 | |a SK | ||
| 245 | 1 | 0 | |a Daňová kontrola v praxi |c E. Schwarzová |
| 520 | |a Daňové úrady, podľa zákona č.254/1993 Z.z. o územných finančných orgánoch, poverené výkonom daňovej kontroly. Povinnosti a práva daňového subjektu a správcu dane. Štádiá procesu daňovej kontroly: príprava, výkon, vypracovanie protokolu a prerokovanie výsledku. Najčastejšie nedostatky zistené pri kontrolách dane z príjmov a dane z pridanej hodnoty. | ||
| 610 | 2 | 0 | |a úrady daňové |
| 610 | 2 | 0 | |a dane |
| 610 | 2 | 0 | |a kontrola |
| 610 | 2 | 0 | |a priznania daňové |
| 610 | 2 | 0 | |a dane z príjmov |
| 610 | 2 | 0 | |a dane z hodnoty pridanej |
| 100 | 1 | |a Schwarzová, E. | |